=LDR 00000nam 2200000 4500 =001 INLIS000000000038661 =005 20130612144326 =008 ***********************************Ind** =035 ##$$a0010-061300000038661 =041 ##$$a Ind =082 ##$$a 658.4 =090 ##$$a 658.4, Bla h =100 ##$$a Blanchard, Ken =245 ##$$a Hati seorang pemimpin, Ken Blanchard; alih Bahasa, Arvin Saputra =260 ##$$a 2011 $b Jakarta =300 ##$$a 160 hlm, 16 cm =650 ##$$a epemimpinan =700 ##$$a Saputra, Arvin =850 ##$$a NBPNMAT =990 ##$$a 94073/BPAP-NTB/2014 =990 ##$$a 21196066/BPAP-NTB/2014 =990 ##$$a 21196915/BPAP-NTB/2014 =990 ##$$a 0001/BPAP-NTB/20142014